| 000 | 00583cam a22002175a 4500 | ||
|---|---|---|---|
| 001 | L159724 | ||
| 008 | 150226s2017 xxk f 000 0 eng d | ||
| 035 | _a(Sirsi) u159724 | ||
| 041 | 0 | _aeng | |
| 100 | 1 | _aFrew McMillan, Alex | |
| 245 | 0 | 0 | _aStay the distance |
| 260 | _c2017 | ||
| 490 |
_aModus _vApril 2017, 30-31 (2) |
||
| 520 | _aJapan's hotel market is enjoying a pre-Olympics boost, but what happens once the Games are over? | ||
| 590 | _aKA | ||
| 650 | 2 | 4 | _aOLYMPIC GAMES |
| 650 | 2 | 4 | _aHotels |
| 651 | 4 | _aJapan | |
| 690 |
_aCommercial property _96227 |
||
| 942 | _n0 | ||
| 999 |
_c84935 _d84935 |
||